[Event "Tel Aviv After Holidays GM"]
[Site "Tel Aviv"]
[Date "2003.10.26"]
[Round "7"]
[White "Ravia, Mosi"]
[Black "Kaganskiy, Gleb"]
[Result "0-1"]
[WhiteElo "2386"]
[BlackElo "2386"]
[PlyCount "90"]
[EventDate "2003.10.19"]
[EventType "tourn"]
[EventRounds "9"]
[EventCountry "ISR"]
[EventCategory "8"]
[SourceTitle "EXT 2004"]
[Source "ChessBase"]
[SourceDate "2003.11.25"]
[SourceVersion "1"]
[SourceVersionDate "2003.11.25"]
[SourceQuality "1"]

1. d4 d5 2. c4 e6 3. Nc3 c6 4. e3 Nf6 5. Nf3 Nbd7 6. Qc2 Bd6 7. Be2 0-0 8. 0-0 e5 9. dxe5 Nxe5 10. cxd5 cxd5 11. Nb5 Bb8 12. b3 Bg4 13. Qd1 Nxf3+ 14. Bxf3 Be5 15. Nd4 Bxf3 16. Qxf3 Bxd4 17. exd4 Ne4 18. Qd3 Qf6 19. Be3 Rac8 20. Rac1 Qe6 21. f3 Nd6 22. Bf2 Rxc1 23. Rxc1 Rc8 24. Rc2 h6 25. g4 Rxc2 26. Qxc2 Qd7 27. Qc5 Nc8 28. a4 a6 29. Bg3 Ne7 30. Bd6 Nc8 31. Bf4 Qe6 32. Kf2 Ne7 33. Qc7 Nc6 34. Qxb7 Nxd4 35. Be3 Nc2 36. Qb8+ Kh7 37. Qf4 d4 38. Bxd4 Qxb3 39. Qe4+ Kg8 40. Qe8+ Kh7 41. Qe4+ Kg8 42. Bc5 Qc3 43. Bb6 Qd2+ 44. Qe2 Qd6 45. Qxc2 Qxh2+ 0-1

[Event "Tel Aviv After Holidays GM"]
[Site "Tel Aviv"]
[Date "2003.10.21"]
[Round "3"]
[White "Ravia, Mosi"]
[Black "Livshits, Gaby"]
[Result "1/2-1/2"]
[WhiteElo "2386"]
[BlackElo "2409"]
[PlyCount "58"]
[EventDate "2003.10.19"]
[EventType "tourn"]
[EventRounds "9"]
[EventCountry "ISR"]
[EventCategory "8"]
[SourceTitle "EXT 2004"]
[Source "ChessBase"]
[SourceDate "2003.11.25"]
[SourceVersion "1"]
[SourceVersionDate "2003.11.25"]
[SourceQuality "1"]

1. d4 Nf6 2. Nf3 g6 3. g3 Bg7 4. Bg2 0-0 5. 0-0 d6 6. b3 e5 7. dxe5 Ng4 8. Bb2 Nc6 9. h3 Ngxe5 10. Nxe5 Nxe5 11. Nc3 Rb8 12. Kh1 b5 13. a3 a5 14. a4 b4 15. Nb5 Bb7 16. Bxb7 Rxb7 17. Rb1 c6 18. Nd4 Qc8 19. Kh2 Re7 20. e3 d5 21. Nf3 Rfe8 22. Nxe5 Bxe5 23. Bxe5 Rxe5 24. Kg2 h5 25. h4 Re4 26. Rc1 Qe6 27. c3 Rb8 28. Rh1 bxc3 29. Rxc3 Reb4 1/2-1/2

[Event "ISR-chT"]
[Site "Israel"]
[Date "2002.03.02"]
[Round "5"]
[White "Shabtai, Ran"]
[Black "Ravia, Mosi"]
[Result "0-1"]
[WhiteElo "2293"]
[BlackElo "2385"]
[PlyCount "122"]
[EventDate "2002.01.10"]
[EventType "team"]
[EventRounds "11"]
[EventCountry "ISR"]
[SourceTitle "EXT 2003"]
[Source "ChessBase"]
[SourceDate "2002.11.25"]
[SourceVersion "1"]
[SourceVersionDate "2002.11.25"]
[SourceQuality "1"]

1. d4 d5 2. c4 e6 3. Nc3 Nf6 4. cxd5 Nxd5 5. e4 Nxc3 6. bxc3 c5 7. Nf3 cxd4 8. cxd4 Bb4+ 9. Bd2 Bxd2+ 10. Qxd2 0-0 11. Bc4 Nc6 12. 0-0 b6 13. a3 Na5 14. Ba2 Bb7 15. Rfe1 Rc8 16. d5 exd5 17. exd5 Qd6 18. Qb4 Nc4 19. Re7 Qf6 20. Rae1 a5 21. Qb5 Rc5 22. Qxc5 bxc5 23. Bxc4 Qc3 24. Rxb7 Qxc4 25. d6 Qd5 26. Rd7 c4 27. Rc1 g6 28. h3 Qe6 29. Ra7 Qxd6 30. Rxc4 Qxa3 31. Rcc7 Qa1+ 32. Kh2 a4 33. Rc4 Qb2 34. Rcxa4 Qxf2 35. Ra8 Rxa8 36. Rxa8+ Kg7 37. Rd8 g5 38. Rd5 h6 39. Rd3 f6 40. Rd1 Kg6 41. Rd2 Qe3 42. Rd1 h5 43. Rf1 Qe2 44. Kg1 Qe3+ 45. Kh2 Qf4+ 46. Kg1 Qg3 47. Rb1 g4 48. hxg4 hxg4 49. Rb3 gxf3 50. Rxf3 Qe1+ 51. Kh2 f5 52. Rg3+ Kf6 53. Rh3 Kg5 54. Rg3+ Kf4 55. Rf3+ Kg4 56. Rh3 Qe6 57. Kg1 Qe1+ 58. Kh2 Kf4 59. Rf3+ Ke4 60. Rh3 Qd1 61. Rg3 Qd6 0-1

[Event "ISR-chT"]
[Site "Israel"]
[Date "1999.04.09"]
[Round "7"]
[White "Huzman, Alexander"]
[Black "Ravia, Mosi"]
[Result "0-1"]
[WhiteElo "2575"]
[BlackElo "2373"]
[PlyCount "90"]
[EventDate "1999.01.??"]
[EventType "team"]
[EventRounds "11"]
[EventCountry "ISR"]
[SourceTitle "EXT 2000"]
[Source "ChessBase"]
[SourceDate "1999.11.16"]
[SourceVersion "1"]
[SourceVersionDate "1999.11.16"]
[SourceQuality "1"]

1. d4 e6 2. c4 Nf6 3. Nf3 d5 4. Nc3 Be7 5. Bf4 0-0 6. e3 b6 7. cxd5 exd5 8. Ne5 Be6 9. Bd3 c5 10. Qf3 Qc8 11. 0-0 Nbd7 12. Rac1 c4 13. Bb1 a6 14. e4 dxe4 15. Nxe4 b5 16. Ng5 Bd5 17. Qh3 g6 18. Qh4 Nxe5 19. dxe5 Qg4 20. Qxg4 Nxg4 21. Rcd1 Rad8 22. h3 Nxe5 23. Nxh7 Nf3+ 24. gxf3 Kxh7 25. Bc7 Rd7 26. Be5 Rfd8 27. Be4 Be6 28. Rxd7 Rxd7 29. Kg2 f6 30. Bf4 Kg7 31. Re1 Bb4 32. Re2 Bf7 33. a3 Bc5 34. Be3 Bxe3 35. fxe3 f5 36. Bc2 a5 37. e4 f4 38. e5 Be6 39. h4 b4 40. axb4 axb4 41. Kf2 c3 42. bxc3 bxc3 43. Ke1 Ra7 44. Rg2 Ra1+ 45. Kf2 Bf5 0-1

[Event "ISR-chT"]
[Site "Israel"]
[Date "1999.01.22"]
[Round "3"]
[White "Stisis, Yaacov"]
[Black "Ravia, Mosi"]
[Result "1-0"]
[WhiteElo "2375"]
[BlackElo "2375"]
[PlyCount "139"]
[EventDate "1999.01.??"]
[EventType "team"]
[EventRounds "11"]
[EventCountry "ISR"]
[SourceTitle "EXT 2000"]
[Source "ChessBase"]
[SourceDate "1999.11.16"]
[SourceVersion "1"]
[SourceVersionDate "1999.11.16"]
[SourceQuality "1"]

1. e4 c6 2. d4 d5 3. exd5 cxd5 4. c4 Nf6 5. Nc3 e6 6. Nf3 Be7 7. c5 b6 8. b4 bxc5 9. bxc5 0-0 10. Bd3 Ba6 11. Bxa6 Nxa6 12. Qa4 Nb8 13. 0-0 Qd7 14. Qxd7 Nbxd7 15. Rb1 Ne4 16. Nxe4 dxe4 17. Rb7 Rfd8 18. Ng5 Bxg5 19. Bxg5 Nf6 20. c6 Rdc8 21. Bxf6 gxf6 22. c7 Rf8 23. Rfb1 Rac8 24. Rxa7 Rfe8 25. g4 Kf8 26. Kg2 Ke7 27. Kg3 Kd6 28. Kf4 Kd5 29. Rb4 Re7 30. Ra5+ Kd6 31. Ra6+ Kd5 32. Ra5+ Kd6 33. Kxe4 Rexc7 34. Rb6+ Ke7 35. Rb2 Rc2 36. Ra7+ R8c7 37. Rxc7+ Rxc7 38. Kd3 Ra7 39. Ke4 Ra4 40. h3 e5 41. Kf5 exd4 42. Re2+ Kf8 43. Kxf6 Ra6+ 44. Kf5 d3 45. Rd2 Ra4 46. Kf6 Kg8 47. Rxd3 Ra6+ 48. Kg5 Ra5+ 49. Kh4 Rxa2 50. f4 Kg7 51. Rd6 Ra3 52. g5 Rf3 53. Kg4 Rf1 54. f5 Rf2 55. h4 h5+ 56. gxh6+ Kh7 57. Kg5 Rh2 58. Rd7 Rg2+ 59. Kh5 Kg8 60. Rd8+ Kh7 61. Rf8 Rg1 62. Rxf7+ Kh8 63. Ra7 Rf1 64. Kg6 Rg1+ 65. Kf7 Rh1 66. f6 Rb1 67. Ke8 Rc1 68. f7 Rc8+ 69. Ke7 Rb8 70. Rd7 1-0

[Event "Petah Tikva"]
[Site "Petah Tikva"]
[Date "1996.??.??"]
[Round "1"]
[White "Kantsler, Boris"]
[Black "Ravia, Mosi"]
[Result "1/2-1/2"]
[WhiteElo "2455"]
[BlackElo "2370"]
[PlyCount "31"]
[EventDate "1996.09.30"]
[EventType "tourn"]
[EventRounds "11"]
[EventCountry "ISR"]
[EventCategory "4"]
[SourceTitle "CBM 055 Extra"]
[Source "ChessBase"]
[SourceDate "1997.01.01"]
[SourceVersion "1"]
[SourceVersionDate "1997.01.01"]
[SourceQuality "1"]

1. d4 Nf6 2. c4 e6 3. Nc3 d5 4. Bg5 Be7 5. e3 h6 6. Bh4 0-0 7. Rc1 c6 8. Nf3 Ne4 9. Bxe7 Qxe7 10. Qc2 Nxc3 11. Qxc3 dxc4 12. Bxc4 b6 13. 0-0 Nd7 14. b4 Bb7 15. Be2 Rfc8 16. Rfd1 1/2-1/2

[Event "ISR-chT"]
[Site "Israel"]
[Date "1996.??.??"]
[Round "6"]
[White "Manor, Ilan"]
[Black "Ravia, Mosi"]
[Result "1/2-1/2"]
[WhiteElo "2510"]
[BlackElo "2330"]
[PlyCount "23"]
[EventDate "1996.??.??"]
[EventType "team"]
[EventRounds "11"]
[EventCountry "ISR"]
[SourceTitle "CBM 052 Extra"]
[Source "ChessBase"]
[SourceDate "1996.07.01"]
[SourceVersion "1"]
[SourceVersionDate "1996.07.01"]
[SourceQuality "1"]

1. d4 Nf6 2. c4 e6 3. Nf3 d5 4. Nc3 c5 5. cxd5 Nxd5 6. e3 Nc6 7. Bd3 Be7 8. 0-0 0-0 9. Qe2 b6 10. Rd1 cxd4 11. exd4 Ncb4 12. Bb1 1/2-1/2

[Event "ISR-chT"]
[Site "Israel"]
[Date "1996.??.??"]
[Round "1"]
[White "Ravia, Mosi"]
[Black "Har Zvi, Ronen"]
[Result "1/2-1/2"]
[WhiteElo "2330"]
[BlackElo "2510"]
[PlyCount "32"]
[EventDate "1996.??.??"]
[EventType "team"]
[EventRounds "11"]
[EventCountry "ISR"]
[SourceTitle "CBM 052 Extra"]
[Source "ChessBase"]
[SourceDate "1996.07.01"]
[SourceVersion "1"]
[SourceVersionDate "1996.07.01"]
[SourceQuality "1"]

1. d4 Nf6 2. Nf3 g6 3. c4 Bg7 4. Nc3 0-0 5. e4 d6 6. Be2 Nbd7 7. 0-0 e5 8. Qc2 c6 9. Rd1 Qe7 10. Rb1 exd4 11. Nxd4 Re8 12. f3 Ne5 13. Bf1 a6 14. b3 b5 15. cxb5 axb5 16. Bg5 h6 1/2-1/2

[Event "ISR-chT"]
[Site "Israel"]
[Date "1996.??.??"]
[Round "9"]
[White "Ravia, Mosi"]
[Black "Oratovsky, Michael"]
[Result "1/2-1/2"]
[WhiteElo "2330"]
[BlackElo "2485"]
[PlyCount "98"]
[EventDate "1996.??.??"]
[EventType "team"]
[EventRounds "11"]
[EventCountry "ISR"]
[SourceTitle "CBM 052 Extra"]
[Source "ChessBase"]
[SourceDate "1996.07.01"]
[SourceVersion "1"]
[SourceVersionDate "1996.07.01"]
[SourceQuality "1"]

1. d4 d6 2. e4 Nf6 3. f3 Nbd7 4. c4 e5 5. d5 Be7 6. Be3 Nh5 7. Qd2 h6 8. Nc3 Bg5 9. Nh3 Bxe3 10. Qxe3 Nc5 11. g4 a5 12. 0-0-0 Qh4 13. Qe1 Qxe1 14. Rxe1 Nf6 15. Nf2 h5 16. g5 Nh7 17. Rg1 Nf8 18. Kd2 Ng6 19. Bh3 Ke7 20. Bxc8 Rhxc8 21. Nd3 Nxd3 22. Kxd3 Ra6 23. Ke3 a4 24. Rb1 Rca8 25. Ne2 Rb6 26. Rgc1 Ra5 27. Ng3 Nf4 28. h4 Kd7 29. Ne2 Nxe2 30. Kxe2 Rb4 31. Kd3 c5 32. a3 Rb6 33. Rc3 Ra8 34. Kc2 Rf8 35. Rg1 g6 36. f4 f5 37. fxe5 dxe5 38. Rf1 f4 39. Rff3 Kd6 40. Rcd3 Kc7 41. Rc3 Rb8 42. Rfd3 Kd6 43. Rf3 Ra6 44. Kc1 b5 45. cxb5 Rxb5 46. Rc4 Rab6 47. Rf2 Ra5 48. Rf3 Rab5 49. Rf2 Ra5 1/2-1/2

[Event "Petah Tikva"]
[Site "Petah Tikva"]
[Date "1996.??.??"]
[Round "7"]
[White "Ravia, Mosi"]
[Black "Ribshtein, Nati"]
[Result "1-0"]
[WhiteElo "2370"]
[BlackElo "2270"]
[PlyCount "75"]
[EventDate "1996.09.30"]
[EventType "tourn"]
[EventRounds "11"]
[EventCountry "ISR"]
[EventCategory "4"]
[SourceTitle "CBM 055 Extra"]
[Source "ChessBase"]
[SourceDate "1997.01.01"]
[SourceVersion "1"]
[SourceVersionDate "1997.01.01"]
[SourceQuality "1"]

1. d4 Nf6 2. Nf3 c5 3. c4 cxd4 4. Nxd4 b6 5. Nc3 Bb7 6. f3 e6 7. e4 d6 8. Be3 a6 9. Be2 Nbd7 10. 0-0 Be7 11. Qd2 0-0 12. Rfd1 Rc8 13. Rac1 Qc7 14. Bf1 Qb8 15. Nb3 Rfe8 16. Kh1 Bd8 17. Bf4 Ne5 18. Nb1 Bc7 19. Bxe5 dxe5 20. c5 Red8 21. Qb4 Rxd1 22. Rxd1 Rd8 23. Rc1 Qa7 24. a4 Rb8 25. c6 Ba8 26. Na3 Rd8 27. Qc4 Rd6 28. Qxa6 Qxa6 29. Bxa6 Rxc6 30. Nc4 Bd8 31. Rd1 Be7 32. Bb5 Rc7 33. Nxb6 Bb7 34. a5 Rc2 35. Rd2 Rxd2 36. Nxd2 Bc5 37. Ndc4 Bd4 38. a6 1-0

[Event "ISR-chT"]
[Site "Israel"]
[Date "1996.??.??"]
[Round "8"]
[White "Zilberman, Yaacov"]
[Black "Ravia, Mosi"]
[Result "1/2-1/2"]
[WhiteElo "2485"]
[BlackElo "2330"]
[PlyCount "84"]
[EventDate "1996.??.??"]
[EventType "team"]
[EventRounds "11"]
[EventCountry "ISR"]
[SourceTitle "CBM 052 Extra"]
[Source "ChessBase"]
[SourceDate "1996.07.01"]
[SourceVersion "1"]
[SourceVersionDate "1996.07.01"]
[SourceQuality "1"]

1. d4 Nf6 2. c4 e6 3. Nf3 d5 4. Nc3 Be7 5. Bg5 0-0 6. e3 h6 7. Bxf6 Bxf6 8. Qd2 c5 9. dxc5 dxc4 10. Bxc4 Qa5 11. Ne4 Qxd2+ 12. Kxd2 Bxb2 13. Rab1 Bf6 14. Nxf6+ gxf6 15. Rhc1 Nc6 16. Ke2 Rd8 17. Nd2 Ne5 18. Bb5 Bd7 19. f4 Nc6 20. Ne4 f5 21. Nd6 Rab8 22. Ba4 Na5 23. Bxd7 Rxd7 24. Rb5 b6 25. cxb6 axb6 26. Nc8 Rdb7 27. Rc2 Kg7 28. Nxb6 Rxb6 29. Rxa5 Rb2 30. Rxb2 Rxb2+ 31. Kf3 h5 32. h3 h4 33. Ra8 Rc2 34. Ra7 Rb2 35. Ra5 Rc2 36. Ra3 Rb2 37. g4 Rh2 38. gxf5 exf5 39. Ra5 Rxh3+ 40. Kf2 Rh2+ 41. Kg1 Re2 42. Rxf5 Rxe3 1/2-1/2

[Event "Chania op 4th"]
[Site "Chania"]
[Date "1994.??.??"]
[Round "8"]
[White "Atalik, Suat"]
[Black "Ravia, Mosi"]
[Result "1/2-1/2"]
[WhiteElo "2535"]
[BlackElo "2320"]
[PlyCount "89"]
[EventDate "1994.08.??"]
[EventType "swiss"]
[EventRounds "9"]
[EventCountry "GRE"]
[SourceTitle "EXT 1998"]
[Source "ChessBase"]
[SourceDate "1997.11.17"]
[SourceVersion "1"]
[SourceVersionDate "1997.11.17"]
[SourceQuality "1"]

1. d4 Nf6 2. c4 e6 3. Nf3 Bb4+ 4. Bd2 Qe7 5. g3 Nc6 6. Nc3 Bxc3 7. Bxc3 Ne4 8. Rc1 d6 9. d5 Nxc3 10. Rxc3 Nb8 11. dxe6 fxe6 12. Nd4 e5 13. Nc2 0-0 14. Bg2 Nd7 15. 0-0 Nf6 16. Ne3 c6 17. Rd3 Rd8 18. Qd2 Be6 19. Rd1 Ne8 20. Qa5 a6 21. R3d2 Rd7 22. b4 Qd8 23. Qa3 Nf6 24. Qb2 Qc7 25. a4 Rad8 26. b5 axb5 27. axb5 Kh8 28. Qa3 h6 29. bxc6 bxc6 30. Qa6 d5 31. cxd5 Bxd5 32. Bh3 Qa7 33. Qxa7 Rxa7 34. Be6 Re7 35. Bf5 Rb8 36. h4 Reb7 37. g4 g5 38. h5 e4 39. Nxd5 cxd5 40. e3 Rf8 41. Rxd5 Nxd5 42. Rxd5 Rb2 43. Re5 Rf6 44. Kg2 Ra6 45. Rxe4 1/2-1/2